History Quiz

Random History or Century Quiz

20th Century: '20s or '30s? Quiz Stats

 Plays Quiz Updated Jun 13, 2017

Support Sporcle.
Go Orange.
Score 0/30 Timer 05:00
0 Plays Today
Event (2)0s or (3)0s % Correct
World War II began???
94.9%
Prohibition begins in the U.S.???
90.6%
The Great Depression began???
87.5%
'Snow White and the Seven Dwarfs' released???
80.2%
Tomb of King Tut discovered???
78.8%
Scientists split the atom???
77.6%
First Volkswagen Beetle produced???
73.5%
Henry Ford announced 40-hour work week???
72.6%
First commercial radio broadcast aired???
71.6%
Adolf Hitler jailed after failed coup???
71.6%
League of Nations established???
71.4%
Neville Chamberlain became Prime Minister of the UK???
70.4%
World's first practical helicopter???
67.8%
'Time' magazine founded???
64.6%
Hoover Dam completed???
63.7%
Event (2)0s or (3)0s % Correct
First FIFA World Cup???
63%
Route 66 established???
62.2%
Solo flight of Amelia Earhart across the Atlantic???
60.4%
Insulin discovered???
60.2%
'Gone With the Wind' book published???
58.9%
Empire State Building completed???
57.9%
First commercial airplane flight over the Atlantic???
57.8%
Pluto discovered???
55.7%
BBC became a public corporation???
52.9%
Bonnie and Clyde killed by police???
52.4%
Polygraph invented???
52.2%
Penicillin discovered???
50.6%
J. Edgar Hoover became Bureau of Investigation Dir.???
43.6%
US officially got national anthem???
37.6%
Car radio introduced by Chevrolet???
27.6%

You're not logged in!

Compare scores with friends on all Sporcle quizzes.
OR
Log In
Forgot?

From the Vault

Will Ferrell Movie Quotes

by alskdjfhg76

Some of these quotes we've said so often we just assumed we made them up.
Remove Ads.
Support Sporcle.
Get the best of Sporcle when you Go Orange. This ad-free experience offers more features, more stats, and more fun while also helping to support Sporcle. Thank you for becoming a member.

Show Comments

Extras

Top Quizzes Today


Score Distribution

Your Account Isn't Verified!

In order to create a playlist on Sporcle, you need to verify the email address you used during registration. Go to your Sporcle Settings to finish the process.

Report this User

Report this user for behavior that violates our Community Guidelines.

Details: